| 000 | 01005nam a22002537a 4500 | ||
|---|---|---|---|
| 001 | BD-DhSAU 7469 | ||
| 003 | BD-DhSAU | ||
| 005 | 20231003131150.0 | ||
| 008 | 150422b2006 bg ||||| m||m 00| 0 eng d | ||
| 040 | _aBD-DhSAU | ||
| 082 |
_222 _a631.4 _bSu59 |
||
| 100 |
_aSULTANA, RAZIA _eRegistration No. # 19-10204 |
||
| 245 |
_aeffect of micronutrient zinc on the performance of
modern rice varieties / _bMS thesis |
||
| 260 |
_aSher-e- Bangla Agricultural University: _bDepartment of Soil Science, _c2021. |
||
| 300 |
_aix, 77p.: _b30 cm. |
||
| 500 | _aMS thesis of Department of Soil Science, Faculty of Agriculture , Sher-e-Bangla Agricultural University, Dhaka, Bangladesh | ||
| 590 | _aNamul | ||
| 650 | _amicronutrient zinc | ||
| 651 | _amodern rice varieties | ||
| 700 |
_aProf. Dr. Alok Kumar Paul _eSuperviser |
||
| 700 |
_aDr. Biswajit Karmakar _eCo-Superviser |
||
| 856 | _uhttp://archive.saulibrary.edu.bd:8080/xmlui/handle/123456789/4942 | ||
| 942 |
_2ddc _cTHESIS |
||
| 999 |
_c17073 _d17072 |
||